书目信息 |
| 题名: |
青年无线电实用手册
|
|
| 作者: | 吴志功 编 | |
| 分册: | ||
| 出版信息: | 北京 中国青年出版社 1983 |
|
| 页数: | 410页 | |
| 开本: | 21cm | |
| 丛书名: | ||
| 单 册: | ||
| 中图分类: | TN014-62 | |
| 科图分类: | ||
| 主题词: | 无线电技术--手册 | |
| 电子资源: | ||
| ISBN: | 13009.265 | |
| 000 | 00635nam0 2200229 450 | |
| 001 | 0183000295 | |
| 005 | 20100712220412.0 | |
| 010 | @a13009.265@dCNY2.2 | |
| 091 | @a13009.265 | |
| 100 | @a19950613d1983 em y0chiy0110 ea | |
| 101 | 0 | @achi |
| 102 | @aCN@b110000 | |
| 105 | @ay z 000yy | |
| 106 | @ar | |
| 200 | 1 | @a青年无线电实用手册@9Qing Nian Wu;Mo Xian Dian Shi Yong Shou Ce @f吴志功等编 |
| 210 | @a北京@c中国青年出版社@d1983 | |
| 215 | @a410页@d21cm | |
| 606 | 0 | @a无线电技术@x手册 |
| 690 | @aTN014-62@v3 | |
| 701 | 0 | @a吴志功@9wu zhi gong@4编 |
| 801 | 0 | @aCN@bAzMarc@c20130904 |
| 905 | @aBZT@dTN014-62@e1@f1@sTN014-62/1 | |
| 青年无线电实用手册/吴志功等编.-北京:中国青年出版社,1983 |
| 410页;21cm |
| ISBN 13009.265:CNY2.2 |
| ● |
| 相关链接 |
|
|
|
正题名:青年无线电实用手册
索取号:TN014-62/1
 
预约/预借
| 序号 | 登录号 | 条形码 | 馆藏地/架位号 | 状态 | 备注 |
| 1 | 2000049607 | 2000049607 | 旧书回溯/ [索取号:TN014-62/1] | 在馆 |